000 01602nam a2200397Ia 4500
001 ebr10661787
003 CaPaEBR
006 m u
007 cr cn|||||||||
008 091210s2010 nyua sb 001 0 eng d
010 _z 2009051299
020 _z9781611227727
020 _z9781608768363
020 _z1608768368
040 _aCaPaEBR
_cCaPaEBR
035 _a(OCoLC)832605702
050 1 4 _aDS644.5
_b.I533 2010eb
082 0 4 _a959.8039
_221
245 0 4 _aThe Indonesian journey
_h[electronic resource] :
_ba nation's quest for democracy, stability, and prosperity /
_cThang D. Nguyen, editor.
260 _aNew York :
_bNova Science Publishers,
_cc2010.
300 _axxiii, 255 p. :
_bill.
490 1 _aAsian political, economic and security issues
504 _aIncludes bibliographical references and index.
533 _aElectronic reproduction.
_bPalo Alto, Calif. :
_cebrary,
_d2013.
_nAvailable via World Wide Web.
_nAccess may be limited to ebrary affiliated libraries.
650 0 _aNational security
_zIndonesia.
650 0 _aDemocracy
_zIndonesia.
650 0 _aPolitical stability
_zIndonesia.
651 0 _aIndonesia
_xPolitics and government
_y1998-
651 0 _aIndonesia
_xEconomic conditions
_y1997-
651 0 _aIndonesia
_xForeign relations.
655 7 _aElectronic books.
_2local
700 1 _aNguyen, Thang D.,
_d1971-
710 2 _aebrary, Inc.
830 0 _aAsian political, economic and security issues.
856 4 0 _uhttp://site.ebrary.com/lib/rucke/Doc?id=10661787
_zAn electronic book accessible through the World Wide Web; click to view
999 _c169859
_d169859